| 000 | 00683nam a2200193 i 4500 | ||
|---|---|---|---|
| 001 | 49795 | ||
| 003 | ES-MaACL | ||
| 005 | 20230906162050.0 | ||
| 007 | t| | ||
| 008 | 030723s1949 cu ||||1| spa d | ||
| 100 | 1 |
_aCova, J.A. _941345 |
|
| 245 | 1 | 0 |
_aPáez y la independencia de Cuba / _cdiscurso leído por J.A. Cova ; palabras de apertura por Emeterio S. Santovenia. |
| 260 |
_aLa Habana : _b[s.n.], _c1949 ( _fImp. El Siglo XX) |
||
| 300 |
_a21 p., 1 lám. ; _c25 cm. |
||
| 500 | _aPrecede al tít.: Academia de la Historia de Cuba. | ||
| 700 | 1 |
_aSantovenia, Emeterio S. _9103543 |
|
| 710 | 2 |
_aAcademia de la Historia de Cuba. _91183 |
|
| 852 |
_aES-MaACL _j1897-F-13 _bR.27338 |
||
| 999 |
_c49795 _d49795 |
||